Nieuznawane państwa świata - Statystyki

Ogólne statystyki
  • Ten quiz został rozwiązany 997 razy
  • Średni wynik to 6 z 10
Statystyki odpowiedzi
Opis Kraj % Poprawnych
Państwo to ogłosiło niepodległość w 2008r. Nieuznawane przez ONZ Kosowo
90%
Od 1991 do 1992 roku była wojna określana mołdawską wojną domową. Naddniestrze
74%
Jest położone w zachodniej Afryce, Dawna kolonia hiszpańska 34 kraje wycofały lub zawiesiły Sahara Zachodnia
64%
Państwo wyspiarskie podzielone pomiędzy Turków, a Greków Cypr Północny
61%
Państwo we wschodniej Afryce dawny protektorat Wielkiej Brytanii, część Somalii Somaliland
56%
Przez większość czasu mieszkali na tej ziemi Arabowie, dawna kolonia brytyjska Palestyna
53%
Rząd, który uciekł na wyspę przez wojnę domową Tajwan
52%
Państwo uznawane tylko przez pięć państw w tym Rosja Abchazja
49%
Jest zależne od Rosji, ale stanowi integralną część Gruzji Osetia Południowa
47%
Państwo w Kaukazie nieuznawane przez nikogo, stanowi część Azerbedżanu Górski Karabach
39%
Nie znaleziono quizów pasujących do podanych kryteriów
Rozkład punktacji
Procent ludzi z każdym wynikiem
Percentyl według liczby udzielonych odpowiedzi
Twoja historia wyników
Nie rozwiązałeś tego quizu